The complete earth
From pole to pole, a large-size, full-resolution facsimile map of our planet
Saved in:
| Main Author: | |
|---|---|
| Format: | Book |
| Language: | English |
| Published: |
London, UK
Quercus
2006
|
| Subjects: | |
| Tags: |
Add Tag
No Tags, Be the first to tag this record!
|
| Call Number : | G 1046.A43 P35 2006 |
MARC
| LEADER | 00000nam a2200000 i 4500 | ||
|---|---|---|---|
| 001 | 21332 | ||
| 003 | MY-KLNDU | ||
| 005 | 20241218080647.0 | ||
| 008 | 221104 2006 xxkab g e 001 0 eng d | ||
| 020 | |a 1905204310 | ||
| 020 | |a 9781905204311 | ||
| 039 | 9 | |a 202211041116 |b VLOAD |c 201606231106 |d faezah |c 201606231106 |d faezah |c 201204120830 |d shahrim |y 200910091708 |z VLOAD | |
| 040 | |a UPNM |b eng |c UPNM |e rda | ||
| 090 | |a G 1046.A43 |b P35 2006 | ||
| 100 | 1 | |a Palmer, Douglas |e author | |
| 245 | 1 | 4 | |a The complete earth |c Douglas Palmer |
| 264 | 1 | |a London, UK |b Quercus |c 2006 | |
| 300 | |a 1 atlas (224 pages) |b illustrations, maps |c 44 cm | ||
| 336 | |a text |2 rdacontent | ||
| 337 | |a unmediated |2 rdamedia | ||
| 338 | |a volume |2 rdacarrier | ||
| 500 | |a Relief shown by shading and gradient tints | ||
| 500 | |a "A satellite portrait of the Planet"--Jkt. | ||
| 500 | |a Includes index | ||
| 520 | |a From pole to pole, a large-size, full-resolution facsimile map of our planet | ||
| 592 | |a 12256 (MPH) |b 10/02/2010 |c RM165.00 |h AMWOOD SDN.BHD. | ||
| 650 | 0 | |a Atlases, British | |
| 650 | 0 | |a World maps | |
| 651 | 0 | |a Earth |v Remote-sensing images | |
| 651 | 0 | |a Earth |v Remote-sensing maps | |
| 999 | |a vtls000031213 |c 21332 |d 21332 | ||


